[Event "Swiss Queens Wed #9"]
[Site "FIDE Online Arena INT"]
[Date "2024.03.27"]
[Round "8"]
[White "Cori Tello, Deysi Estella"]
[Black "Batsiashvili, Nino"]
[Result "1-0"]
[WhiteElo "2389"]
[BlackElo "2450"]
[PlyCount "105"]
[EventDate "2024.03.27"]
[EventType "swiss (blitz)"]
[EventRounds "11"]
[EventCountry "NET"]
[SourceTitle "CB14_2024"]
[SourceDate "2024.04.01"]
[SourceVersion "1"]
[SourceVersionDate "2024.04.01"]
[SourceQuality "1"]

1. Nf3 Nf6 2. d4 c5 3. e3 d5 4. a3 cxd4 5. exd4 Nc6 6. Bd3 Bg4 7. c3 Qc7 8. h3 Bh5 9. 0-0 e6 10. Bg5 Bd6 11. Re1 h6 12. Bxf6 gxf6 13. Nbd2 Rg8 14. Rc1 0-0-0 15. c4 Bf4 16. g4 Bg6 17. cxd5 exd5 18. Bb5 h5 19. Qa4 Rd6 20. Kf1 hxg4 21. hxg4 Kb8 22. Rc3 Qb6 23. Nb3 a6 24. Bxc6 Rxc6 25. Rxc6 Qxc6 26. Qxc6 bxc6 27. Nc5 Bd6 28. Nd7+ Kc7 29. Nxf6 Rb8 30. b4 a5 31. Ne8+ Kd7 32. Nxd6 Kxd6 33. bxa5 Ra8 34. Ne5 Rxa5 35. Rc1 Ra6 36. g5 Be4 37. f3 Bg6 38. Kf2 Kc7 39. Kg3 Kd6 40. Rc3 Bf5 41. Kf4 Be6 42. Ke3 Kc7 43. Nd3 Kd6 44. Nb4 Rb6 45. Rc5 Bf5 46. Kf4 Bd7 47. Ra5 Rb8 48. Ra7 Rh8 49. Nd3 Rh4+ 50. Ke3 Rh1 51. Ne5 Be6 52. Ra6 Bd7 53. Nxf7+ 1-0

[Event "Swiss Queens Wed #8"]
[Site "FIDE Online Arena INT"]
[Date "2024.03.20"]
[Round "9"]
[White "Cori Tello, Deysi Estella"]
[Black "Goltseva, Ekaterina"]
[Result "1-0"]
[WhiteElo "2389"]
[BlackElo "2286"]
[PlyCount "69"]
[EventDate "2024.03.20"]
[EventType "swiss (blitz)"]
[EventRounds "11"]
[EventCountry "NET"]
[SourceTitle "CB13_2024"]
[SourceDate "2024.03.27"]
[SourceVersion "1"]
[SourceVersionDate "2024.03.27"]
[SourceQuality "1"]

1. d4 d5 2. Nf3 Nf6 3. c4 e6 4. Nbd2 c5 5. dxc5 Bxc5 6. e3 Nc6 7. a3 a6 8. b4 Ba7 9. Bb2 0-0 10. Rc1 d4 11. exd4 Nxd4 12. c5 e5 13. Bc4 Bg4 14. Bxd4 exd4 15. 0-0 Bb8 16. Nb3 Bf4 17. Ra1 Qc7 18. h3 Bh5 19. Nbxd4 Rad8 20. Qb3 Ne4 21. Rfe1 Rfe8 22. Nf5 Bg6 23. N5h4 Bh5 24. Bd5 Nf6 25. Bc4 Ne4 26. g4 Bg6 27. Nxg6 hxg6 28. Re2 Nf6 29. Rae1 Rxe2 30. Rxe2 Qd7 31. Kg2 g5 32. Qc2 g6 33. Qxg6+ Kf8 34. Qxf6 Qd1 35. Qh8# 1-0

[Event "Swiss Queens Wed #6"]
[Site "FIDE Online Arena INT"]
[Date "2024.03.06"]
[Round "8"]
[White "Cori Tello, Deysi Estella"]
[Black "Gomez Barrera, Javiera Belen"]
[Result "1/2-1/2"]
[WhiteElo "2389"]
[BlackElo "2217"]
[PlyCount "119"]
[EventDate "2024.03.06"]
[EventType "swiss (blitz)"]
[EventRounds "11"]
[EventCountry "NET"]
[SourceTitle "CB11_2024"]
[SourceDate "2024.03.13"]
[SourceVersion "1"]
[SourceVersionDate "2024.03.13"]
[SourceQuality "1"]

1. d4 Nf6 2. Nf3 g6 3. g3 Bg7 4. Bg2 d6 5. 0-0 0-0 6. Nbd2 a5 7. e4 a4 8. Re1 c5 9. e5 Nfd7 10. exd6 exd6 11. Nc4 Nb6 12. Bg5 Qc7 13. Ne3 Nc6 14. dxc5 dxc5 15. Bf4 Qd8 16. Bd6 Re8 17. Bxc5 Nd7 18. Ba3 Nde5 19. Nxe5 Nxe5 20. Qxd8 Rxd8 21. Rad1 Re8 22. Nd5 Bg4 23. Nc7 Bxd1 24. Nxe8 Rxe8 25. Rxd1 Nc4 26. Bxb7 Nxa3 27. bxa3 Re2 28. Rd8+ Bf8 29. Rd7 Bc5 30. Rc7 Rxc2 31. Rc8+ Kg7 32. Kh1 Rc1+ 33. Kg2 Rc2 34. Kh3 Rc1 35. Bd5 Bxa3 36. Ra8 Bc5 37. Rxa4 Rc2 38. Rc4 Rxc4 39. Bxc4 Bxf2 40. a4 Bb6 41. g4 f5 42. gxf5 gxf5 43. Kg2 Kf6 44. Kf3 Ke5 45. Bd3 h6 46. h3 f4 47. Bb5 Bc7 48. Bc6 Kd4 49. Kg4 Ke3 50. h4 Bd8 51. h5 Bc7 52. Bb7 Bd8 53. Bc6 Bc7 54. Bd5 Bd8 55. Bb7 Bc7 56. Bc6 Bd8 57. Bd5 Bc7 58. Bb7 Bd8 59. Ba8 Bc7 60. Bb7 1/2-1/2

[Event "Swiss Queens Wed #6"]
[Site "FIDE Online Arena INT"]
[Date "2024.03.06"]
[Round "6"]
[White "Cori Tello, Deysi Estella"]
[Black "Michelle, Catherina P"]
[Result "1-0"]
[WhiteElo "2389"]
[BlackElo "2164"]
[PlyCount "97"]
[EventDate "2024.03.06"]
[EventType "swiss (blitz)"]
[EventRounds "11"]
[EventCountry "NET"]
[SourceTitle "CB11_2024"]
[SourceDate "2024.03.13"]
[SourceVersion "1"]
[SourceVersionDate "2024.03.13"]
[SourceQuality "1"]

1. d4 Nf6 2. Nf3 e6 3. g3 b5 4. a4 b4 5. Nbd2 Bb7 6. Bg2 c5 7. dxc5 Bxc5 8. Nb3 Be7 9. a5 a6 10. 0-0 0-0 11. Be3 Nc6 12. Bb6 Qc8 13. Qd3 d5 14. Rac1 Bd8 15. Bc5 Be7 16. Bxe7 Nxe7 17. c3 bxc3 18. Rxc3 Qe8 19. Rc7 Bc6 20. Ne5 Bb5 21. Qe3 Rc8 22. Rfc1 Rxc7 23. Rxc7 Qd8 24. Qc5 Ng6 25. Nxg6 hxg6 26. Nd4 Bd7 27. b4 Qb8 28. e3 Rc8 29. Rxc8+ Qxc8 30. Nb3 Qb7 31. Qb6 Qc6 32. Qxc6 Bxc6 33. Bf1 d4 34. Nxd4 Bb7 35. b5 axb5 36. Bxb5 Nd5 37. a6 Ba8 38. a7 Nc7 39. Bc6 Kf8 40. f4 Ke7 41. Bxa8 Nxa8 42. Nc6+ Ke8 43. Ne5 Nb6 44. Kf2 Ke7 45. h4 Kf6 46. g4 Ke7 47. g5 Ke8 48. Ke2 f6 49. Nxg6 1-0

[Event "Swiss Queens Wed #6"]
[Site "FIDE Online Arena INT"]
[Date "2024.03.06"]
[Round "7"]
[White "Gong, Qianyun"]
[Black "Cori Tello, Deysi Estella"]
[Result "0-1"]
[WhiteElo "2267"]
[BlackElo "2389"]
[PlyCount "116"]
[EventDate "2024.03.06"]
[EventType "swiss (blitz)"]
[EventRounds "11"]
[EventCountry "NET"]
[SourceTitle "CB11_2024"]
[SourceDate "2024.03.13"]
[SourceVersion "1"]
[SourceVersionDate "2024.03.13"]
[SourceQuality "1"]

1. e4 e6 2. d3 d5 3. Nd2 g6 4. Ngf3 Bg7 5. g3 Ne7 6. Bg2 0-0 7. 0-0 Nbc6 8. e5 Nxe5 9. Nxe5 Bxe5 10. Nf3 Bg7 11. d4 c5 12. c3 cxd4 13. cxd4 Nf5 14. Bd2 Nxd4 15. Nxd4 Bxd4 16. Bb4 Bxb2 17. Rb1 Bf6 18. Bxf8 Qxf8 19. h4 h5 20. Qd3 b6 21. Rbc1 Bd7 22. Rc7 Qd6 23. Rfc1 Bd8 24. R7c2 Qe5 25. Bf1 b5 26. Qb3 a6 27. Qb4 Bb6 28. Kh2 Re8 29. Qa3 a5 30. Qb3 d4 31. a4 b4 32. Bg2 Qf5 33. Rd2 Rd8 34. Bc6 Rc8 35. Rdc2 Rxc6 36. Rxc6 Qxf2+ 37. Kh1 Bxc6+ 38. Rxc6 Qe1+ 39. Kg2 Qe2+ 40. Kh3 Qe4 41. Rc1 Qg4+ 42. Kh2 Qe2+ 43. Kh3 Qe5 44. Qb2 Bc7 45. Qf2 Bd6 46. Kg2 d3 47. Re1 Qd5+ 48. Kh2 b3 49. Rd1 Bb4 50. Qb6 d2 51. Qb8+ Kg7 52. Qf4 Bc3 53. Qe3 Bb4 54. Qf4 b2 55. Rf1 Qf5 56. Qd4+ e5 57. Qc4 b1Q 58. Rxf5 Qxf5 0-1

[Event "Swiss Queens Wed #6"]
[Site "FIDE Online Arena INT"]
[Date "2024.03.06"]
[Round "11"]
[White "Shubenkova, Veronika"]
[Black "Cori Tello, Deysi Estella"]
[Result "0-1"]
[WhiteElo "2007"]
[BlackElo "2389"]
[PlyCount "98"]
[EventDate "2024.03.06"]
[EventType "swiss (blitz)"]
[EventRounds "11"]
[EventCountry "NET"]
[SourceTitle "CB11_2024"]
[SourceDate "2024.03.13"]
[SourceVersion "1"]
[SourceVersionDate "2024.03.13"]
[SourceQuality "1"]

1. d4 g6 2. e3 Bg7 3. f4 d6 4. Nf3 Bg4 5. c3 Nd7 6. Be2 e5 7. 0-0 c6 8. Na3 Qe7 9. fxe5 dxe5 10. Nc4 0-0-0 11. h3 Bxf3 12. Bxf3 Ngf6 13. Qa4 Kb8 14. Qb3 e4 15. Na5 Nb6 16. Be2 c5 17. c4 cxd4 18. exd4 Rxd4 19. Be3 Nfd7 20. Bxd4 Bxd4+ 21. Kh1 f5 22. Rad1 Qe5 23. Qb5 Nc5 24. b4 Nca4 25. Qxe5+ Bxe5 26. c5 Nc3 27. cxb6 Nxe2 28. bxa7+ Kxa7 29. Rfe1 Ng3+ 30. Kg1 Bc7 31. Rd7 Rc8 32. Rxh7 f4 33. Nc4 Bb8 34. Nd2 e3 35. Nf1 Ne4 36. a4 Rc2 37. Re7 Nc3 38. a5 e2 39. Nh2 Ka6 40. Nf3 Ba7+ 41. Kh2 Bf2 42. Ra1 Bg3+ 43. Kh1 Rb2 44. Re6+ Kb5 45. Nd4+ Kc4 46. Nf3 Rxb4 47. Ne5+ Kd5 48. Nd3 Kxe6 49. Nxb4 e1Q+ 0-1

[Event "Swiss Queens Wed #2"]
[Site "FIDE Online Arena INT"]
[Date "2024.02.07"]
[Round "7"]
[White "Kubicka, Anna"]
[Black "Cori Tello, Deysi Estella"]
[Result "0-1"]
[WhiteElo "2278"]
[BlackElo "2389"]
[PlyCount "84"]
[EventDate "2024.02.07"]
[EventType "swiss (blitz)"]
[EventRounds "11"]
[EventCountry "NET"]
[SourceTitle "CB07_2024"]
[SourceDate "2024.02.14"]
[SourceVersion "1"]
[SourceVersionDate "2024.02.14"]
[SourceQuality "1"]

1. e4 e6 2. d4 d5 3. Nd2 Be7 4. Ngf3 a6 5. Bd3 c5 6. dxc5 Bxc5 7. 0-0 Ne7 8. exd5 Nxd5 9. Ne4 Be7 10. c3 Nc6 11. Qe2 Qc7 12. Bc2 Nf4 13. Qe3 Nd5 14. Qe2 Bd7 15. Bb3 Nf4 16. Qd2 Ng6 17. Qe3 0-0 18. Re1 Na5 19. Nd4 Nxb3 20. axb3 Rad8 21. Qe2 e5 22. Nf3 Bb5 23. c4 Bc6 24. Bg5 f6 25. Bd2 Rf7 26. Rad1 Qb6 27. Bc3 Rff8 28. Rxd8 Rxd8 29. Qc2 Nf4 30. Ng3 Nd3 31. Rd1 e4 32. Ne1 Nb4 33. Rxd8+ Qxd8 34. Qe2 Nd3 35. Nxe4 Nf4 36. Qe3 Ng6 37. f3 Qc7 38. Bd4 Bd7 39. Nd3 Kf7 40. Nec5 Bf5 41. Ne4 Bb4 42. Ng3 Be6 0-1

[Event "Swiss Queens Wed #1"]
[Site "FIDE Online Arena INT"]
[Date "2024.01.31"]
[Round "1"]
[White "Cori Tello, Deysi Estella"]
[Black "Selkirk, Rebecca"]
[Result "1-0"]
[WhiteElo "2389"]
[BlackElo "1709"]
[PlyCount "85"]
[EventDate "2024.01.31"]
[EventType "swiss (blitz)"]
[EventRounds "11"]
[EventCountry "NET"]
[SourceTitle "CB06_2024"]
[SourceDate "2024.02.07"]
[SourceVersion "1"]
[SourceVersionDate "2024.02.07"]
[SourceQuality "1"]

1. d4 d5 2. Nf3 Nf6 3. c4 c6 4. Nc3 e6 5. Bg5 Be7 6. e3 Nbd7 7. Bd3 dxc4 8. Bxc4 b5 9. Bd3 Bb7 10. 0-0 a6 11. a4 b4 12. Nb1 a5 13. Nbd2 c5 14. Bb5 0-0 15. Qe2 h6 16. Bh4 Rc8 17. Rfd1 Qb6 18. Bxd7 Nxd7 19. Bxe7 Rfe8 20. dxc5 Nxc5 21. Bxc5 Rxc5 22. Nc4 Qc6 23. b3 Rc8 24. Rac1 g5 25. h3 h5 26. Rd6 Qe4 27. Rd4 Qg6 28. Rcd1 Be4 29. Nfe5 Qh7 30. Rd8+ Rxd8 31. Rxd8+ Kg7 32. Rd7 Bg6 33. Qf3 Qg8 34. Nxg6 Kxg6 35. Qe4+ f5 36. Qd4 Rd5 37. Ne5+ Kh6 38. Rxd5 exd5 39. Qb6+ Kh7 40. Qb7+ Kh6 41. Qc6+ Kh7 42. Qd7+ Qg7 43. Qxf5+ 1-0

[Event "Titled Tuesday intern op 09th Jan Early"]
[Site "Chess.com INT"]
[Date "2024.01.09"]
[Round "7"]
[White "Bogaudinov, Rushan"]
[Black "Cori Tello, Deysi Estella"]
[Result "1/2-1/2"]
[WhiteElo "1853"]
[BlackElo "2389"]
[PlyCount "165"]
[EventDate "2024.01.09"]
[EventType "swiss (blitz)"]
[EventRounds "11"]
[EventCountry "USA"]
[SourceTitle "CB03_2024"]
[SourceDate "2024.01.17"]
[SourceVersion "1"]
[SourceVersionDate "2024.01.17"]
[SourceQuality "1"]

1. d4 Nf6 2. c3 g6 3. g3 Bg7 4. Bg2 0-0 5. e4 d6 6. Nd2 e5 7. Ne2 c5 8. 0-0 cxd4 9. cxd4 Nc6 10. d5 Ne7 11. Nc4 Bg4 12. f3 b5 13. Nxd6 Qxd6 14. fxg4 Qb6+ 15. Kh1 Nxg4 16. Qd3 Nf2+ 17. Rxf2 Qxf2 18. Be3 Qf6 19. Bc5 Rfe8 20. Rf1 Qa6 21. Nc3 Qc8 22. b4 a6 23. d6 Qd7 24. Qf3 Nc8 25. Nd5 Nxd6 26. Nb6 Qc6 27. Nxa8 Rxa8 28. Bxd6 Qxd6 29. Qxf7+ Kh8 30. Qd5 Rd8 31. Rd1 Qxd5 32. exd5 Bf8 33. a3 Kg7 34. Rc1 h5 35. h4 Be7 36. Be4 g5 37. hxg5 Bxg5 38. Rc7+ Kf8 39. Rc6 Be7 40. Rxa6 Rd6 41. Ra7 h4 42. g4 h3 43. Kh2 Rf6 44. Bf5 Rd6 45. Be6 e4 46. Kxh3 e3 47. Kg2 Rd8 48. Kf3 Bg5 49. Rf7+ Ke8 50. Rf5 Be7 51. Kxe3 Ra8 52. Ke4 Rxa3 53. Rf3 Rxf3 54. Kxf3 Bxb4 55. g5 Kf8 56. Ke4 Bd6 57. Kf5 Kg7 58. Bd7 b4 59. Ba4 Kf7 60. Bb3 Be7 61. Bc4 Kg7 62. Ke6 Bxg5 63. d6 Bd8 64. Kd5 Kf6 65. Kc6 Ke5 66. Kd7 Bf6 67. Kc6 Bh4 68. Bb3 Bg5 69. d7 Bh4 70. Kb5 Be7 71. Kc6 Bd8 72. Kb7 Kd6 73. Kc8 Be7 74. d8Q+ Bxd8 75. Kxd8 Kc5 76. Be6 Kd4 77. Bf7 Kc3 78. Bg8 Kc2 79. Kd7 Kc3 80. Kc6 Kd4 81. Kb5 Kc3 82. Bf7 b3 83. Bxb3 1/2-1/2

[Event "Titled Tuesday intern op 09th Jan Early"]
[Site "Chess.com INT"]
[Date "2024.01.09"]
[Round "3"]
[White "Cori Tello, Deysi Estella"]
[Black "Dyulgerov, Volen"]
[Result "1-0"]
[WhiteElo "2389"]
[BlackElo "2200"]
[PlyCount "49"]
[EventDate "2024.01.09"]
[EventType "swiss (blitz)"]
[EventRounds "11"]
[EventCountry "USA"]
[SourceTitle "CB03_2024"]
[SourceDate "2024.01.17"]
[SourceVersion "1"]
[SourceVersionDate "2024.01.17"]
[SourceQuality "1"]

1. d4 e5 2. dxe5 d6 3. Nf3 Nc6 4. Nc3 Bg4 5. Bg5 Qd7 6. Qd2 h6 7. Bh4 g5 8. Bg3 0-0-0 9. 0-0-0 Qe6 10. Nd4 Qc4 11. e3 Qc5 12. Nb3 Qb6 13. Nd5 Bxd1 14. Nxb6+ axb6 15. Qxd1 dxe5 16. Qg4+ Kb8 17. Bb5 Bg7 18. Qa4 Na7 19. Be2 Nf6 20. h4 Nd5 21. hxg5 hxg5 22. Rxh8 Rxh8 23. Qc4 Rh1+ 24. Kd2 c6 25. Qe4 1-0

[Event "Wch Blitz (Women)"]
[Site "Samarkand"]
[Date "2023.12.30"]
[Round "10"]
[White "Cori Tello, Deysi Estella"]
[Black "Tokhirjonova, Gulruhbegim"]
[Result "1-0"]
[WhiteElo "2389"]
[BlackElo "2370"]
[PlyCount "80"]
[EventDate "2023.12.29"]
[EventType "swiss (blitz)"]
[EventRounds "17"]
[EventCountry "UZB"]
[SourceTitle "CB01_2024"]
[SourceDate "2024.01.03"]
[SourceVersion "1"]
[SourceVersionDate "2024.01.03"]
[SourceQuality "1"]

1. Nf3 d5 2. d4 Nf6 3. c4 e6 4. Nc3 Be7 5. e3 0-0 6. Qc2 b6 7. cxd5 exd5 8. Bd3 c5 9. dxc5 bxc5 10. 0-0 h6 11. Rd1 Nc6 12. a3 Be6 13. Na4 Nd7 14. e4 d4 15. h3 Rc8 16. Bb5 Na5 17. Nd2 c4 18. Nf3 d3 19. Qc3 Nb3 20. Rb1 Nb6 21. Be3 Qc7 22. Nxb6 axb6 23. e5 Ra8 24. Nd4 Nxd4 25. Bxd4 Rfd8 26. Rbc1 Rac8 27. Ba6 Ra8 28. Bxc4 Bxc4 29. Qxc4 Qd7 30. Bxb6 Rdc8 31. Qe4 Rxc1 32. Qxa8+ Rc8 33. Qe4 d2 34. Be3 Qb5 35. Rxd2 Rc1+ 36. Kh2 Qf1 37. Rc2 Qg1+ 38. Kg3 Rxc2 39. Qxc2 h5 40. Qc8+ Kh7 1-0

[Event "Wch Blitz (Women)"]
[Site "Samarkand"]
[Date "2023.12.29"]
[Round "5"]
[White "Ovezdurdiyeva, Jemal"]
[Black "Cori Tello, Deysi Estella"]
[Result "1-0"]
[WhiteElo "2057"]
[BlackElo "2389"]
[PlyCount "63"]
[EventDate "2023.12.29"]
[EventType "swiss (blitz)"]
[EventRounds "17"]
[EventCountry "UZB"]
[SourceTitle "CB01_2024"]
[SourceDate "2024.01.03"]
[SourceVersion "1"]
[SourceVersionDate "2024.01.03"]
[SourceQuality "1"]

1. d4 Nf6 2. c4 e6 3. Nc3 Bb4 4. e3 0-0 5. Bd2 b6 6. Bd3 Bb7 7. Nf3 d5 8. cxd5 exd5 9. 0-0 a6 10. a3 Bd6 11. Ne5 Ne4 12. Nxe4 dxe4 13. Bc4 Nd7 14. Bc3 b5 15. Ba2 Nf6 16. Qc2 Qe7 17. Rac1 c5 18. Nxf7 Rxf7 19. Bxf7+ Kxf7 20. dxc5 Bc7 21. c6 Bc8 22. Bxf6 gxf6 23. Rfd1 Bg4 24. Rd4 Qe5 25. g3 Re8 26. Rd7+ Kg6 27. Qb3 Be6 28. Qc3 Rc8 29. Rd4 Qf5 30. Qc2 Bb6 31. Rxe4 Bd5 32. Rg4+ 1-0

[Event "Wch Rapid (Women)"]
[Site "Samarkand"]
[Date "2023.12.26"]
[Round "2"]
[White "Cori Tello, Deysi Estella"]
[Black "Harika, Dronavalli"]
[Result "1/2-1/2"]
[WhiteElo "2389"]
[BlackElo "2500"]
[PlyCount "52"]
[EventDate "2023.12.26"]
[EventType "swiss (rapid)"]
[EventRounds "11"]
[EventCountry "UZB"]
[SourceTitle "CB01_2024"]
[SourceDate "2024.01.03"]
[SourceVersion "1"]
[SourceVersionDate "2024.01.03"]
[SourceQuality "1"]

1. Nf3 Nf6 2. g3 g6 3. b3 Bg7 4. Bb2 0-0 5. Bg2 d6 6. d4 b5 7. a4 b4 8. c4 bxc3 9. Nxc3 Bb7 10. 0-0 Nbd7 11. Rc1 Rb8 12. Qc2 c5 13. dxc5 Nxc5 14. b4 Bxf3 15. Bxf3 Rxb4 16. Ba3 Rb8 17. Nb5 Qa5 18. Bxc5 dxc5 19. Qxc5 Qxa4 20. Nxa7 Nd7 21. Qc7 Ne5 22. Nc6 Nxc6 23. Rxc6 Bf6 24. Rc4 Rb4 25. Rfc1 Rxc4 26. Rxc4 Qa1+ 1/2-1/2